000 00978cam a2200265 a 4500
001 000005169
005 20200929151610.0
008 880322s1987 sp a 001 0aspa
020 _a8485081854
040 _aDO-SdBNP
_bspa
_cBNPHU
082 _a866.6
_bG463c
100 1 _aGil-Albert, Juan.
_q(Juan Gil-Albert Simón),
_d1904-1994.
_914794
245 1 0 _aCartas a un amigo /
_cJuan Gil-Albert ; introducción, Luis Maristany.
260 _aValencia :
_bPre-Textos,
_c1987.
300 _a162 p. :
_bil. ;
_c20 cm.
490 1 _aPre-Textos
490 1 _aLetras hispánicas
500 _a"Esta extensa correspondencia ... tiene un solo destinatario, Salvador Moreno"--Flap.
600 1 0 _aGIL-ALBERT, JUAN
_xCORRESPONDENCE.
_914795
650 4 _aCartas españolas
_ySIGLO XX
_914796
650 4 _aLiteratura española
_ySIGLO XX
_93326
700 1 _aMoreno, Salvador.
_914797
700 1 _aMaristany, Luis,
_eintruducción
_914798
830 0 _aPre-Textos
_pLetras hispánicas
_914799
999 _c4972
_d4972